=LDR 00000nam 2200000 4500 =247 ##$$a =856 ##$$a =700 #$$a =650 #$$a Administrasi Negara =520 #$$a =321 ##$$a =310 ##$$a =300 ##$$a lxvi, 1971 halaman $b ilus $c 21,5 cm $e =260 ##$$a London $b Sweet & Maxwell $c 1971 =001 $a INLIS000000000020951 =245 ##$$a Principles of Local Government Law $b $c C.A. Cross =100 1#$$a C.A. Cross =084 ##$$a 352 CRO p =082 ##$$a 352 CRO p =035 ##$$a 0010-0626000045 =020 ##$$a 421 14780 6 =008 $a 260630################g##########0#eng## =005 $a 20260630113900